[Event "Lautaro U2200 1st"]
[Site "Lautaro"]
[Date "2013.10.12"]
[Round "1.7"]
[White "Merino Zurita, Hector"]
[Black "Pulgar Araneda, Daniel"]
[Result "1-0"]
[WhiteElo "1614"]
[BlackElo "1092"]
[PlyCount "116"]
[EventDate "2013.10.12"]
[EventType "swiss"]
[EventRounds "6"]
[EventCountry "CHI"]
[SourceTitle "EXT 2024"]
[Source "ChessBase"]
[SourceDate "2023.10.10"]
[SourceVersion "1"]
[SourceVersionDate "2023.10.10"]
[SourceQuality "1"]

1. e4 c6 2. d4 d5 3. exd5 cxd5 4. Bb5+ Bd7 5. Bxd7+ Nxd7 6. Nc3 e6 7. a3 Bd6 8. Nge2 Ngf6 9. Bg5 h6 10. Bh4 g5 11. Bg3 Bxg3 12. Nxg3 a6 13. Qf3 Rc8 14. Qe3 Qe7 15. 0-0 Nb6 16. b3 Rc7 17. Rfe1 Nc8 18. Re2 Nd6 19. Na4 Kd8 20. Qe5 Re8 21. h3 Nd7 22. Qe3 b5 23. Nc5 Nxc5 24. dxc5 Nf5 25. Nxf5 exf5 26. Qxe7+ Rexe7 27. Rxe7 Kxe7 28. b4 Ra7 29. Re1+ Kf6 30. Re8 a5 31. c3 axb4 32. axb4 Ra3 33. Re3 f4 34. Rd3 Ke5 35. Kh2 Ra2 36. f3 Ra3 37. h4 f6 38. Kh3 f5 39. g3 fxg3 40. Kxg3 f4+ 41. Kg4 Ra6 42. hxg5 hxg5 43. Rd2 Ra3 44. Rc2 Kf6 45. Rd2 Ke6 46. Rd3 Kf6 47. Rxd5 Rxc3 48. Rd6+ Ke7 49. Rb6 Kd7 50. Rxb5 Kc6 51. Rb8 Rb3 52. Rb6+ Kc7 53. b5 Rc3 54. Rc6+ Kb7 55. Kxg5 Rxf3 56. Kf5 Rf1 57. Rf6 Rc1 58. c6+ Kb6 1-0